[Event "10. Forchheimer Sparkassen Open"]
[Site "Forchheim"]
[Date "2011.10.07"]
[Round "1.58"]
[White "Mantel, Ruben"]
[Black "Otto, Moritz"]
[Result "1-0"]
[WhiteElo "1396"]
[BlackElo "1666"]
[PlyCount "100"]
[EventDate "2011.??.??"]
[WhiteTeam "Spvg Zabo-Eintracht Nürnberg e.V"]
[BlackTeam "SC Uttenreuth e.V."]

1. e4 {[%emt 0:00:00]} c5 2. Nc3 Nc6 3. g3 g6 4. Bg2 Bg7 5. f4 e6 6. Nf3 Nge7
7. O-O O-O 8. d3 d5 9. e5 a6 10. a3 b5 11. Bd2 Bd7 12. Na2 Rc8 13. b4 Qb6 14.
Be1 cxb4+ 15. Bf2 Qa5 16. axb4 Nxb4 17. Be1 Qxa2 18. Rxa2 Nxa2 19. Qb1 Nc3 20.
Bxc3 Rxc3 21. Qb4 Rxc2 22. Qxe7 Rc7 23. Qd6 Ra7 24. Rc1 Bc8 25. Qb8 Rb7 26. Qa8
Rb6 27. Rxc8 b4 28. Rxf8+ Bxf8 29. Nd2 b3 30. Qd8 Rb5 31. Bf1 b2 32. Nb1 a5 33.
d4 Rb4 34. Qxa5 Rxd4 35. Qc3 Rb4 36. Bd3 Kg7 37. Nd2 Rb7 38. Nb3 Bc5+ 39. Nxc5
b1=Q+ 40. Bxb1 Rxb1+ 41. Kg2 Rb8 42. Nd7 Rd8 43. Qc7 Ra8 44. Nc5 Re8 45. Qd7
Kf8 46. Nb7 Re7 47. Qd8+ Re8 48. Qd6+ Kg7 49. Nd8 h5 50. Qd7 Rf8 1-0

[Event "10. Forchheimer Sparkassen Open"]
[Site "Forchheim"]
[Date "2011.10.07"]
[Round "1.59"]
[White "Keller, Werner"]
[Black "Jüschke, Arno"]
[Result "1-0"]
[WhiteElo "1663"]
[BlackElo "1378"]
[PlyCount "105"]
[EventDate "2011.??.??"]

1. Nf3 {[%emt 0:00:00]} c5 2. c4 Nc6 3. Nc3 e6 4. e4 d6 5. d3 Nf6 6. g3 Be7 7.
Bg2 O-O 8. O-O Re8 9. a3 Rb8 10. Rb1 a5 11. Bd2 Na7 12. b4 axb4 13. axb4 cxb4
14. Ne2 Nc6 15. Qc2 Qc7 16. d4 b6 17. Rfc1 Bb7 18. d5 Ne5 19. Bxb4 Ba6 20. Ned4
Qxc4 21. Nxe5 Qxc2 22. Nxc2 dxe5 23. Bxe7 Rxe7 24. Nb4 Bb5 25. Nc6 Bxc6 26.
Rxc6 exd5 27. exd5 Rd7 28. Rcxb6 Rxb6 29. Rxb6 g6 30. Rxf6 Kg7 31. Ra6 Kf8 32.
d6 Kg7 33. Kf1 f5 34. Bd5 Kf6 35. f4 h6 36. Kf2 g5 37. Kf3 gxf4 38. gxf4 h5 39.
Ke3 h4 40. Kf3 h3 41. Bc4 e4+ 42. Kg3 Rb7 43. Kxh3 Rb4 44. Rc6 e3 45. Kg3 Rb2
46. Rc7 e2 47. Rf7+ Kg6 48. Re7 Rd2 49. Rxe2 Rxd6 50. Re6+ Rxe6 51. Bxe6 Kf6
52. Bc8 Kg6 53. Kh4 1-0

[Event "10. Forchheimer Sparkassen Open"]
[Site "Forchheim"]
[Date "2011.10.07"]
[Round "1.60"]
[White "Lingl, Peter"]
[Black "Schoebel, Klaus"]
[Result "1/2-1/2"]
[WhiteElo "1369"]
[BlackElo "1659"]
[PlyCount "45"]
[EventDate "2011.??.??"]
[WhiteTeam "SV Puschendorf 1949 e.V."]
[BlackTeam "SK 1911 Herzogenaurach e.V."]

1. e4 {[%emt 0:00:00]} e5 2. Nf3 d6 3. Bc4 Be7 4. d3 Nf6 5. Be3 O-O 6. Nbd2 Ng4
7. Qe2 Nxe3 8. Qxe3 c6 9. h4 b5 10. Bb3 a5 11. a4 Bg4 12. g3 Nd7 13. Nh2 Nf6
14. f3 Bd7 15. g4 d5 16. g5 d4 17. Qg1 Nh5 18. g6 Bxh4+ 19. Kd1 Ng3 20. Bxf7+
Rxf7 21. gxf7+ Kxf7 22. Ng4 Nxh1 23. Nxe5+ 1/2-1/2

[Event "10. Forchheimer Sparkassen Open"]
[Site "Forchheim"]
[Date "2011.10.07"]
[Round "1.61"]
[White "Osthof, Rudolf"]
[Black "Wichmann, Jörg"]
[Result "1-0"]
[WhiteElo "1651"]
[BlackElo "1363"]
[PlyCount "53"]
[EventDate "2011.??.??"]

1. Nf3 {[%emt 0:00:00]} Nc6 2. d4 d5 3. c4 Nf6 4. Nc3 e6 5. Bf4 Bb4 6. e3 Ne4
7. Rc1 Bd7 8. Qb3 Qe7 9. cxd5 Na5 10. Qc2 exd5 11. Bd3 Bf5 12. O-O Bxc3 13.
bxc3 O-O 14. Rb1 b6 15. Rfd1 Qd7 16. Ne5 Qe6 17. f3 Nd6 18. Bxf5 Nxf5 19. e4
Nd6 20. exd5 Qxd5 21. Re1 f6 22. Nd3 Qf5 23. Re7 Nac4 24. Rxc7 Na3 25. Qb3+
Nac4 26. Bxd6 Qxd3 27. Qxc4+ 1-0

[Event "10. Forchheimer Sparkassen Open"]
[Site "Forchheim"]
[Date "2011.10.07"]
[Round "1.62"]
[White "Shen, Julian"]
[Black "Schöne, Steffen"]
[Result "0-1"]
[WhiteElo "1363"]
[BlackElo "1651"]
[PlyCount "126"]
[EventDate "2011.??.??"]
[WhiteTeam "SK Rothenburg e.V."]
[BlackTeam "Spvg Zabo-Eintracht Nürnberg e.V"]

1. e4 {[%emt 0:00:00]} c5 2. Nf3 e6 3. d4 cxd4 4. Nxd4 a6 5. Nc3 Nc6 6. Be3 Qc7
7. Be2 Bd6 8. Qd2 Be5 9. Nb3 b5 10. f4 b4 11. fxe5 bxc3 12. Qxc3 Qxe5 13. Qxe5
Nxe5 14. Bd4 f6 15. Bxe5 fxe5 16. O-O Nf6 17. Bf3 Ke7 18. Rad1 d6 19. c3 g5 20.
h3 h5 21. Nd2 g4 22. Be2 Bb7 23. Bd3 gxh3 24. gxh3 Rag8+ 25. Kh2 Rh6 26. Rg1
Rhg6 27. Rxg6 Rxg6 28. Rg1 Rxg1 29. Kxg1 d5 30. exd5 exd5 31. Be2 Ke6 32. Kf2
d4 33. cxd4 exd4 34. Bf3 Bxf3 35. Kxf3 Kd5 36. Kf4 h4 37. Kf3 Ke5 38. Nc4+ Kd5
39. Nd2 Kc5 40. Kf4 Nd5+ 41. Kg4 d3 42. Kxh4 Kd4 43. Kg5 Ke3 44. Nc4+ Ke2 45.
h4 Nb6 46. h5 Nxc4 47. h6 d2 48. h7 d1=Q 49. h8=Q Qd5+ 50. Kf4 Qd6+ 51. Kf5
Ne3+ 52. Kg5 Qd5+ 53. Kg6 Qf5+ 54. Kg7 Qe5+ 55. Kh7 Qxh8+ 56. Kxh8 Kd3 57. Kh7
Nc4 58. b3 Nb6 59. Kg7 Kc3 60. Kf7 Kb2 61. Ke6 Kxa2 62. Kd6 Na8 63. Kc6 Kxb3 {
Rest unklar} 0-1

[Event "10. Forchheimer Sparkassen Open"]
[Site "Forchheim"]
[Date "2011.10.07"]
[Round "1.63"]
[White "Schädlich, Helmut"]
[Black "Schilay, Lorenz"]
[Result "1/2-1/2"]
[WhiteElo "1650"]
[BlackElo "1354"]
[PlyCount "85"]
[EventDate "2011.??.??"]

1. c4 {[%emt 0:00:00]} e5 2. g3 Nf6 3. Bg2 d6 4. d3 Be7 5. Nc3 O-O 6. e3 Nc6 7.
Nge2 Be6 8. O-O Qd7 9. a3 Bh3 10. b4 Bxg2 11. Kxg2 a6 12. Qb3 Qe6 13. Nd5 Rfc8
14. f4 Qg4 15. Qd1 b5 16. Nec3 Qxd1 17. Rxd1 bxc4 18. dxc4 Nxd5 19. Nxd5 exf4
20. exf4 Bf6 21. Ra2 h6 22. Re2 Kh7 23. Nxf6+ gxf6 24. b5 Na5 25. Re7 Kg6 26.
b6 cxb6 27. Rxd6 Nxc4 28. Rdd7 Na5 29. Be3 Rc2+ 30. Kf3 Nc4 31. f5+ Kxf5 32.
Rb7 Ne5+ 33. Rxe5+ Kxe5 34. g4 b5 35. Re7+ Kd6 36. Rxf7 Ke6 37. Rb7 Rxh2 38.
Rb6+ Kf7 39. Kf4 Kg6 40. Bd4 Kg7 41. Kg3 Ra2 42. Rxf6 Rxa3+ 43. Rf3+ 1/2-1/2

[Event "10. Forchheimer Sparkassen Open"]
[Site "Forchheim"]
[Date "2011.10.07"]
[Round "1.64"]
[White "Held, Werner"]
[Black "Walch, Roger"]
[Result "0-1"]
[WhiteElo "1300"]
[BlackElo "1647"]
[PlyCount "66"]
[EventDate "2011.??.??"]
[WhiteTeam "SK Mögeldorf 1958"]
[BlackTeam "SW Nürnberg Süd e.V."]

1. e4 {[%emt 0:00:00]} e6 2. d4 d5 3. Nc3 Nf6 4. e5 Nfd7 5. Bd3 c5 6. Nf3 cxd4
7. Nxd4 Nxe5 8. Be2 Bc5 9. Bf4 Nbc6 10. Bb5 O-O 11. Be3 Qb6 12. f4 Nxd4 13.
fxe5 Nxb5 14. Bxc5 Qxc5 15. Qd2 Bd7 16. O-O-O Rac8 17. Rhf1 d4 18. Nxb5 Bxb5
19. Rfe1 Ba4 20. b3 Bb5 21. Kb1 Rfd8 22. Rc1 Qa3 23. Re4 d3 24. c3 a5 25. Rg4
a4 26. b4 Bc4 27. Rf1 Bxa2+ 28. Qxa2 Qxc3 29. Rg3 Qxb4+ 30. Qb2 Qe4 31. Rd1 d2+
32. Ka2 Rc2 33. Qxc2 Qxc2+ 0-1

[Event "10. Forchheimer Sparkassen Open"]
[Site "Forchheim"]
[Date "2011.10.07"]
[Round "1.65"]
[White "Tong, Kevin"]
[Black "Seidl, Josef"]
[Result "1-0"]
[WhiteElo "1646"]
[BlackElo "1300"]
[PlyCount "79"]
[EventDate "2011.??.??"]

1. e4 {[%emt 0:00:00]} e6 2. d4 b6 3. Bd3 Bb7 4. Nc3 Bb4 5. Nf3 c5 6. O-O Ne7
7. a3 Bxc3 8. bxc3 c4 9. Bxc4 Bxe4 10. Re1 d5 11. Bb5+ Nd7 12. Ne5 O-O 13. Nxd7
a6 14. Nxf8 axb5 15. Nxe6 fxe6 16. f3 Bf5 17. Bg5 h6 18. Bxe7 Qxe7 19. Qe2 Qg5
20. Qxb5 Rf8 21. Qe2 Bh3 22. Kh1 Bf5 23. Rab1 Qd8 24. Rb2 Qd6 25. g4 Bh7 26.
Qxe6+ Qxe6 27. Rxe6 Rxf3 28. Rexb6 Be4 29. Kg1 Rxc3 30. a4 Bxc2 31. a5 Bd3 32.
R2b3 Rc1+ 33. Kf2 Bc4 34. Ra3 Rc2+ 35. Kg3 Rd2 36. a6 Bf1 37. a7 Rg2+ 38. Kf3
Rd2 39. a8=Q+ Kh7 40. Qc8 1-0

[Event "10. Forchheimer Sparkassen Open"]
[Site "Forchheim"]
[Date "2011.10.07"]
[Round "1.66"]
[White "Dresel, Martin"]
[Black "Hofmann, Paul"]
[Result "0-1"]
[WhiteElo "1275"]
[BlackElo "1636"]
[PlyCount "76"]
[EventDate "2011.??.??"]
[WhiteTeam "SC Erlangen 48/88 e.V."]
[BlackTeam "FC Ergolding 1932 e.V."]

1. d4 {[%emt 0:00:00]} Nf6 2. c4 e6 3. Nc3 Bb4 4. Bd2 b6 5. a3 Bxc3 6. bxc3 O-O
7. e3 Bb7 8. Rb1 Be4 9. Rb2 d6 10. Nf3 Nbd7 11. Be2 c5 12. O-O Qc8 13. Qa4 Bc6
14. Qd1 Qa6 15. Qb3 Ba4 16. Qa2 e5 17. Ra1 Ne4 18. Be1 f5 19. Qb1 Rae8 20. Bd3
Ndf6 21. Nh4 g6 22. Nf3 Qc8 23. Nd2 Ng5 24. Bc2 Bxc2 25. Qxc2 f4 26. Qb1 fxe3
27. fxe3 exd4 28. exd4 Nfe4 29. Nxe4 Nxe4 30. Re2 Qf5 31. Bd2 Nxc3 32. Rxe8
Nxb1 33. Rxf8+ Kxf8 34. Bh6+ Ke8 35. dxc5 dxc5 36. Bg7 Kf7 37. Bh6 Qc2 38. Be3
Qb2 0-1

[Event "10. Forchheimer Sparkassen Open"]
[Site "Forchheim"]
[Date "2011.10.07"]
[Round "1.67"]
[White "Schneider, Peter"]
[Black "Alka, Kurt"]
[Result "1-0"]
[WhiteElo "1629"]
[BlackElo "1250"]
[PlyCount "85"]
[EventDate "2011.??.??"]

1. Nf3 {[%emt 0:00:00]} Nf6 2. d4 d5 3. e3 c6 4. Be2 e6 5. b3 Ne4 6. O-O Bb4 7.
Bb2 Qa5 8. a3 Bd6 9. Nbd2 Nxd2 10. Nxd2 Qc7 11. f4 Nd7 12. c4 b6 13. cxd5 exd5
14. Rc1 Bb7 15. Nf3 Nf6 16. Ne5 a6 17. b4 b5 18. Qc2 Rc8 19. Bd3 O-O 20. Bf5
Rce8 21. Rf3 h6 22. Nxc6 Bxc6 23. Qxc6 Qb8 24. Qc2 Re7 25. Qd2 Rfe8 26. g3 Ne4
27. Qd3 Nf6 28. Rc6 Nd7 29. Bxd7 Rxd7 30. Rf2 Rde7 31. Bc1 Qb7 32. Rfc2 Re6 33.
Kf2 Rd8 34. R2c3 Rde8 35. Qc2 Qe7 36. Rc8 g5 37. Rxe8+ Qxe8 38. Rc8 gxf4 39.
Rxe8+ Rxe8 40. exf4 Re4 41. Be3 h5 42. Qc8+ Kg7 43. Qf5 1-0

[Event "10. Forchheimer Sparkassen Open"]
[Site "Forchheim"]
[Date "2011.10.07"]
[Round "1.68"]
[White "Kraus, Sebastian"]
[Black "Voigt, Maik"]
[Result "0-1"]
[WhiteElo "1250"]
[BlackElo "1625"]
[PlyCount "60"]
[EventDate "2011.??.??"]
[WhiteTeam "SV Puschendorf 1949 e.V."]
[BlackTeam "SV Freibauer Barleben"]

1. e4 {[%emt 0:00:00]} c5 2. Nf3 d6 3. d4 cxd4 4. Nxd4 Nf6 5. Nc3 a6 6. Bc4 Qc7
7. Qd3 e6 8. f4 Nbd7 9. Bb3 Nc5 10. Qf3 Bd7 11. O-O Be7 12. Re1 O-O 13. e5 Ne8
14. Bd2 Nxb3 15. axb3 d5 16. Qg3 g6 17. Re2 Ng7 18. Qf3 Bc5 19. Be3 b5 20. g4
Qb6 21. Rd1 b4 22. Na4 Bxa4 23. bxa4 f6 24. f5 fxe5 25. Nb3 Bxe3+ 26. Rxe3 gxf5
27. Kg2 fxg4 28. Qg3 Nf5 29. Qxg4+ Kh8 30. Rh3 Rg8 0-1

[Event "10. Forchheimer Sparkassen Open"]
[Site "Forchheim"]
[Date "2011.10.07"]
[Round "1.70"]
[White "Pillath, Marcus"]
[Black "Schütz, Robert"]
[Result "1/2-1/2"]
[WhiteElo "1214"]
[BlackElo "1616"]
[PlyCount "43"]
[EventDate "2011.??.??"]
[WhiteTeam "SGem Vaihingen-Rohr"]
[BlackTeam "SC Forchheim e.V."]

1. Nf3 {[%emt 0:00:00]} d5 2. d4 Nf6 3. Bf4 c5 4. c3 Qb6 5. Qb3 e6 6. Qxb6 axb6
7. e3 Nc6 8. a3 c4 9. Bc7 b5 10. Be2 Be7 11. O-O O-O 12. Nbd2 Bd7 13. h3 Rfc8
14. Bg3 Ne8 15. Ne5 Nxe5 16. Bxe5 f6 17. Bg3 Nd6 18. Bf3 f5 19. Rfc1 Be8 20.
Bxd6 Bxd6 21. Bd1 Bg6 22. Nf3 1/2-1/2

[Event "10. Forchheimer Sparkassen Open"]
[Site "Forchheim"]
[Date "2011.10.07"]
[Round "1.71"]
[White "Nieke, Karl-Friedrich"]
[Black "Kunkel, Heinrich"]
[Result "1-0"]
[WhiteElo "1615"]
[BlackElo "1209"]
[PlyCount "25"]
[EventDate "2011.??.??"]

1. d4 {[%emt 0:00:00]} d5 2. Nf3 e6 3. e3 Bd6 4. Bd3 Nf6 5. Nbd2 O-O 6. O-O c5
7. c3 c4 8. Bc2 Bd7 9. Re1 Bc6 10. e4 dxe4 11. Nxe4 Nxe4 12. Bxe4 Qf6 13. Bg5
1-0

[Event "10. Forchheimer Sparkassen Open"]
[Site "Forchheim"]
[Date "2011.10.07"]
[Round "1.72"]
[White "Heinrich, Leon"]
[Black "Wichmann, Adrian"]
[Result "1/2-1/2"]
[WhiteElo "1168"]
[BlackElo "1599"]
[PlyCount "111"]
[EventDate "2011.??.??"]
[WhiteTeam "SC Noris-Tarrasch Nürnberg 1873"]
[BlackTeam "SV Seubelsdorf"]

1. e4 {[%emt 0:00:00]} e6 2. d4 d5 3. exd5 exd5 4. Nc3 Bb4 5. Nf3 Ne7 6. Be2
O-O 7. O-O Nbc6 8. Re1 Bf5 9. a3 Ba5 10. b4 Bb6 11. Na4 Qd6 12. Nxb6 axb6 13.
h3 Nxb4 14. Bd3 Nxd3 15. cxd3 Nc6 16. Bb2 Rfe8 17. Ne5 f6 18. Nxc6 bxc6 19. Qf3
Bg6 20. Rac1 Qd7 21. Qg3 Re7 22. Rxe7 Qxe7 23. Rxc6 Rc8 24. Qf3 Qd7 25. Rc1 Re8
26. Kh2 Qd6+ 27. Qg3 Qxg3+ 28. Kxg3 Re7 29. Rc3 Kf8 30. a4 Ke8 31. Ba3 Rd7 32.
Kf3 Bf7 33. Ke3 g5 34. g4 h5 35. f3 hxg4 36. hxg4 Be6 37. Ke2 f5 38. gxf5 Bxf5
39. Kd2 g4 40. fxg4 Bxg4 41. Kc2 Rf7 42. Kb3 Kd7 43. Bb4 Bd1+ 44. Ka3 c6 45. a5
bxa5 46. Bxa5 Rf8 47. Ka2 Ra8 48. Ra3 Be2 49. Bb4 Rxa3+ 50. Kxa3 Bxd3 51. Bc5
Bb5 52. Kb4 Ke6 53. Kc3 Kf5 54. Kd2 Ke4 55. Kc3 Ke3 56. Kb4 1/2-1/2

[Event "10. Forchheimer Sparkassen Open"]
[Site "Forchheim"]
[Date "2011.10.07"]
[Round "1.73"]
[White "Lober, Wolfgang"]
[Black "Meier, Hans"]
[Result "1-0"]
[WhiteElo "1597"]
[BlackElo "1167"]
[PlyCount "41"]
[EventDate "2011.??.??"]

1. e4 {[%emt 0:00:00]} e5 2. Nc3 Nf6 3. Bc4 Bc5 4. d3 h6 5. f4 Nc6 6. Nf3 Qe7
7. h3 a6 8. Rf1 b5 9. Nd5 Nxd5 10. Bxd5 Bb7 11. fxe5 Rb8 12. d4 Bb6 13. Be3
Qb4+ 14. Nd2 O-O 15. Qh5 Nxd4 16. Bxf7+ Kh8 17. O-O-O Nxc2 18. Bxh6 Bxe4 19.
Bg5+ Bh7 20. Bg6 Ne3 21. Qxh7# 1-0

[Event "10. Forchheimer Sparkassen Open"]
[Site "Forchheim"]
[Date "2011.10.07"]
[Round "1.74"]
[White "Semenova, Alisa"]
[Black "Wegmann, Sven"]
[Result "1-0"]
[WhiteElo "1156"]
[BlackElo "1597"]
[PlyCount "151"]
[EventDate "2011.??.??"]
[WhiteTeam "SC Noris-Tarrasch Nürnberg 1873"]
[BlackTeam "SC Erlangen 48/88 e.V."]

1. e4 {[%emt 0:00:00]} c5 2. Nf3 d6 3. d4 cxd4 4. Nxd4 Nf6 5. Nc3 g6 6. Be3 Bg7
7. Be2 Nc6 8. O-O O-O 9. Qd2 Bd7 10. a3 Rc8 11. Rac1 Ne5 12. h3 Nc4 13. Bxc4
Rxc4 14. b3 Rc8 15. Rfd1 Qa5 16. Nd5 Qxd2 17. Nxe7+ Kh8 18. Rxd2 Rce8 19. Nd5
Nxe4 20. Rdd1 Be6 21. Nc7 Re7 22. Ncxe6 fxe6 23. Nb5 Rd8 24. f3 Nc3 25. Nxc3
Bxc3 26. Bg5 Red7 27. Bxd8 Rxd8 28. Rb1 Kg7 29. Rd3 Be5 30. Re1 Kf6 31. c4 Bg3
32. Re4 b6 33. f4 Kf5 34. Red4 Bxf4 35. g3 Be5 36. Rf3+ Kg5 37. Rg4+ Kh6 38.
Rf7 g5 39. h4 gxh4 40. Rxh4+ Kg5 41. Rhxh7 a5 42. Kg2 Rg8 43. Rh3 Bb2 44. a4
Bd4 45. Rf4 Be5 46. Rf3 Bd4 47. Rh4 Bc5 48. Rff4 Re8 49. Re4 e5 50. Rhf4 Re6
51. Rf1 Re7 52. g4 Kg6 53. Rf5 Rh7 54. Re1 Rh4 55. Kg3 Rh7 56. Re2 Rh1 57. Rd2
Rg1+ 58. Rg2 Rb1 59. Rf3 e4 60. Rf4 Rxb3+ 61. Kh4 e3 62. g5 Ra3 63. Rf6+ Kg7
64. Kh5 Rxa4 65. g6 Rxc4 66. Rf7+ Kg8 67. g7 d5 68. Rd7 Be7 69. Rxe7 Rc8 70.
Rxe3 d4 71. Rh3 b5 72. Kg6 Rc6+ 73. Kf5 Kf7 74. g8=Q+ Ke7 75. Rg6 Rc5+ 76. Ke4
1-0

[Event "10. Forchheimer Sparkassen Open"]
[Site "Forchheim"]
[Date "2011.10.07"]
[Round "1.75"]
[White "Petermann, Jan"]
[Black "Meier, Martin"]
[Result "1-0"]
[WhiteElo "1597"]
[BlackElo "1153"]
[PlyCount "75"]
[EventDate "2011.??.??"]

1. Nf3 {[%emt 0:00:00]} Nc6 2. g3 d5 3. Bg2 e6 4. O-O Be7 5. c3 Nf6 6. d4 O-O
7. Qc2 Ne4 8. Nbd2 f5 9. Nxe4 fxe4 10. Ne5 Nxe5 11. dxe5 Bg5 12. f4 Bh6 13. Be3
Qe7 14. b4 b6 15. Rad1 Ba6 16. Rd2 Bc4 17. a4 a6 18. a5 Rab8 19. axb6 cxb6 20.
Ra1 Rf7 21. Rd4 Qb7 22. Bxe4 dxe4 23. Rxc4 g6 24. Qxe4 Qxe4 25. Rxe4 Ra7 26.
Rd4 Bf8 27. Rad1 Be7 28. Rd7 Rxd7 29. Rxd7 Kf7 30. Ra7 Rc8 31. Bd4 a5 32. bxa5
b5 33. Kf2 Ke8 34. Rb7 Bc5 35. Rxb5 Bxd4+ 36. cxd4 Ra8 37. e4 Ra7 38. d5 1-0

[Event "10. Forchheimer Sparkassen Open"]
[Site "Forchheim"]
[Date "2011.10.07"]
[Round "1.76"]
[White "Ziegler, Gerhard"]
[Black "Peiberg, Ehrhard"]
[Result "0-1"]
[WhiteElo "1073"]
[BlackElo "1594"]
[PlyCount "56"]
[EventDate "2011.??.??"]
[WhiteTeam "SC Kirchseeon e.V."]
[BlackTeam "SC Erlangen 48/88 e.V."]

1. e4 {[%emt 0:00:00]} e6 2. d4 d5 3. Nd2 Nf6 4. e5 Nfd7 5. Ngf3 c5 6. c3 Nc6
7. a3 cxd4 8. cxd4 f6 9. exf6 Nxf6 10. Bd3 Bd6 11. O-O O-O 12. Re1 Qc7 13. g3
Bd7 14. Nf1 Rae8 15. Bg5 h6 16. Bxf6 Rxf6 17. Nh4 e5 18. dxe5 Nxe5 19. Ne3 Bc6
20. Ng4 Nxg4 21. Qxg4 Qb6 22. Nf3 Ref8 23. Re3 Bc5 24. Re2 Bb5 25. Bxb5 Qxb5
26. Rae1 Rxf3 27. Qe6+ R3f7 28. Qxd5 Bxf2+ 0-1

[Event "10. Forchheimer Sparkassen Open"]
[Site "Forchheim"]
[Date "2011.10.07"]
[Round "1.77"]
[White "Askri, Samir"]
[Black "Kraus, Oliver"]
[Result "1-0"]
[WhiteElo "1594"]
[BlackElo "1073"]
[PlyCount "35"]
[EventDate "2011.??.??"]

1. d4 {[%emt 0:00:00]} d5 2. c4 dxc4 3. e4 e6 4. Bxc4 Nc6 5. Nf3 Nf6 6. Nc3 Bb4
7. e5 Bxc3+ 8. bxc3 Nd5 9. Qc2 O-O 10. Ng5 g6 11. Nf3 Kg7 12. Bxd5 Qxd5 13. Bg5
Nb8 14. Qd2 Qe4+ 15. Kf1 Kg8 16. Bf6 Nd7 17. Qh6 Nxf6 18. exf6 1-0

[Event "10. Forchheimer Sparkassen Open"]
[Site "Forchheim"]
[Date "2011.10.07"]
[Round "1.78"]
[White "Schilay, Eva"]
[Black "Wissel, Florian"]
[Result "0-1"]
[WhiteElo "1052"]
[BlackElo "1593"]
[PlyCount "120"]
[EventDate "2011.??.??"]
[WhiteTeam "SK Neumarkt e.V."]
[BlackTeam "Schachfreunde Sailauf"]

1. e4 {[%emt 0:00:00]} d5 2. exd5 Qxd5 3. Nc3 Qa5 4. Bc4 Nf6 5. d3 c6 6. Bf4 e6
7. Nf3 Bb4 8. Qd2 Nbd7 9. O-O Nb6 10. a3 Bxc3 11. Qxc3 Qxc3 12. bxc3 Nxc4 13.
dxc4 c5 14. Rfd1 b6 15. a4 Ba6 16. Ne5 O-O 17. a5 Ne4 18. Rd3 Rfd8 19. axb6 Bb7
20. Rxa7 Rxd3 21. cxd3 Nxc3 22. h3 Rxa7 23. bxa7 Ne2+ 24. Kf1 Nxf4 25. g3 f6
26. Nd7 Nxd3 27. Ke2 Ne5 28. Nxc5 Ba8 29. Nxe6 Nxc4 30. Nc7 Nb6 31. Kd3 Bc6 32.
Kd4 Na8 33. Nxa8 Bxa8 34. Kc5 Kf7 35. Kd6 Kg6 36. Ke6 Bf3 37. h4 h5 38. Kd6 Kf5
39. Kc5 g5 40. Kd4 gxh4 41. gxh4 Kg4 42. Ke3 f5 43. Kd2 Kxh4 44. Ke1 Kh3 45.
Kf1 Kh2 46. a8=Q Bxa8 47. f4 Kg3 48. Kg1 Kxf4 49. Kh2 Ke3 50. Kg3 f4+ 51. Kh4
f3 52. Kxh5 f2 53. Kg5 f1=Q 54. Kg6 Qf4 55. Kg7 Qf5 56. Kg8 Qd7 57. Kf8 Kf4 58.
Kg8 Kg5 59. Kf8 Kf6 60. Kg8 Qg7# 0-1

[Event "10. Forchheimer Sparkassen Open"]
[Site "Forchheim"]
[Date "2011.10.07"]
[Round "1.79"]
[White "Gebhardt, Christian"]
[Black "Häusler, Luis"]
[Result "1-0"]
[WhiteElo "1593"]
[BlackElo "996"]
[PlyCount "57"]
[EventDate "2011.??.??"]

1. e4 {[%emt 0:00:00]} c5 2. Nf3 d6 3. d4 cxd4 4. Nxd4 Nf6 5. Nc3 g6 6. Bc4 Bg7
7. f3 O-O 8. Be3 e5 9. Ndb5 Ne8 10. Nd5 a6 11. Bb6 Qd7 12. Nbc7 Qc6 13. Ne7+
Kh8 14. Nxc6 Nxc7 15. Nxb8 Rxb8 16. Bxc7 Ra8 17. Qxd6 b5 18. Bd5 Ra7 19. Qc5
Rxc7 20. Qxc7 Be6 21. Bxe6 fxe6 22. O-O-O Bh6+ 23. Kb1 Bg7 24. Rd8 Kg8 25. Rhd1
h5 26. Rxf8+ Bxf8 27. Rd8 g5 28. Qe7 g4 29. Rxf8# 1-0

[Event "10. Forchheimer Sparkassen Open"]
[Site "Forchheim"]
[Date "2011.10.07"]
[Round "1.80"]
[White "Hasenstab, Rainer"]
[Black "Schäfer, Ann-Kathrin"]
[Result "0-1"]
[WhiteElo "977"]
[BlackElo "1591"]
[PlyCount "116"]
[EventDate "2011.??.??"]
[WhiteTeam "Schachfreunde Sailauf"]
[BlackTeam "SC Bechhofen 1923 e.V."]

1. e4 {[%emt 0:00:00]} e6 2. Nf3 d5 3. exd5 exd5 4. Be2 Bf5 5. d4 Nc6 6. O-O
Qd7 7. Bf4 Nf6 8. Nc3 Bd6 9. Qd2 O-O-O 10. Nb5 Bxf4 11. Qxf4 Bxc2 12. Nc3 h6
13. Qg3 g5 14. Bb5 Qd6 15. Qxd6 Rxd6 16. Bxc6 Rxc6 17. Ne5 Rb6 18. Nxf7 Rh7 19.
Ne5 Rxb2 20. Rfe1 Bf5 21. h3 Rd2 22. Nf3 Rd3 23. Rac1 Bxh3 24. Ne5 Rxd4 25.
gxh3 c6 26. Nf3 Rf4 27. Kg2 Rf7 28. Ne2 Ra4 29. Rc2 Ne4 30. Rf1 Ra3 31. Ne5 Rf5
32. Ng6 Rff3 33. h4 gxh4 34. Nxh4 Rf7 35. f3 Rg7+ 36. Kh3 Ng5+ 37. Kh2 Rf7 38.
Kg2 Ra4 39. f4 Ne6 40. Ng6 Re4 41. Kh1 Re3 42. f5 Ng7 43. f6 Nh5 44. Ne7+ Kd8
45. Ng8 Rxe2 46. Rfc1 Rxc2 47. Rxc2 Nxf6 48. Nxf6 Rxf6 49. Kh2 Kd7 50. Kh3 Kd6
51. Kh4 d4 52. a4 c5 53. a5 Kd5 54. Rb2 b6 55. a6 d3 56. Rd2 c4 57. Kg3 Kd4 58.
Kg2 c3 0-1

[Event "10. Forchheimer Sparkassen Open"]
[Site "Forchheim"]
[Date "2011.10.07"]
[Round "1.81"]
[White "Körber, Christian"]
[Black "Wiemann, Daniel"]
[Result "1/2-1/2"]
[WhiteElo "1586"]
[BlackElo "959"]
[PlyCount "133"]
[EventDate "2011.??.??"]

1. Nf3 {[%emt 0:00:00]} Nc6 2. d4 d5 3. e3 Bg4 4. Be2 Nf6 5. O-O e6 6. h3 Bh5
7. b3 Bd6 8. Bb2 a6 9. Ne5 Bxe2 10. Qxe2 O-O 11. f4 Nd7 12. c4 dxc4 13. Nxc6
bxc6 14. Qxc4 Nb8 15. Qc3 f6 16. Qc4 Qd7 17. Nd2 Kh8 18. Rac1 a5 19. Ne4 Be7
20. Nc5 Bxc5 21. Qxc5 Re8 22. Rc2 Re7 23. Ba3 Re8 24. Rfc1 Ra6 25. Qh5 Kg8 26.
Rc5 Qf7 27. Qxf7+ Kxf7 28. Bb2 Re7 29. Bc3 a4 30. Ra5 Rxa5 31. Bxa5 axb3 32.
axb3 h5 33. Ra1 Ke8 34. Bc3 Kd8 35. Bb4 Rd7 36. Bc5 Kc8 37. Ra8 Kb7 38. Ra7+
Kc8 39. Kf2 Rd5 40. Bf8 g5 41. fxg5 Rf5+ 42. Kg1 fxg5 43. Bc5 e5 44. dxe5 Rxe5
45. Bd4 Rb5 46. Ra3 Kb7 47. Kf2 Na6 48. Bc3 Nc5 49. b4 Nd3+ 50. Ke2 Nxb4 51.
Rb3 Na6 52. Rxb5+ cxb5 53. g4 hxg4 54. hxg4 b4 55. Bf6 b3 56. Kd2 Nc5 57. Kc1
Nd3+ 58. Kb1 Nf2 59. Bxg5 Nxg4 60. e4 Kc6 61. Bf4 Kd7 62. Kb2 c6 63. Kxb3 Ke6
64. Kc4 Nf2 65. Kd4 c5+ 66. Ke3 Nxe4 67. Kxe4 1/2-1/2

[Event "10. Forchheimer Sparkassen Open"]
[Site "Forchheim"]
[Date "2011.10.07"]
[Round "1.82"]
[White "Steindl, Horst"]
[Black "Mehling, Katharina"]
[Result "0-1"]
[WhiteElo "911"]
[BlackElo "1581"]
[PlyCount "68"]
[EventDate "2011.??.??"]
[WhiteTeam "SW Nürnberg Süd e.V."]
[BlackTeam "Spvgg 1946 e.V. Stetten"]

1. Nf3 Nf6 2. g3 g6 3. Bg2 Bg7 4. O-O O-O 5. d3 d6 6. e4 e5 7. Re1 Nc6 8. c4
Ne8 9. Bg5 f6 10. Be3 f5 11. Bg5 Nf6 12. Nc3 h6 13. Bxf6 Qxf6 14. Nd5 Qf7 15.
exf5 Bxf5 16. Nh4 Be6 17. Qd2 g5 18. Nf3 Rac8 19. Re4 Ne7 20. Nc3 c6 21. h3 Bf5
22. Re2 g4 23. Nh2 gxh3 24. Be4 Qg6 25. Bxf5 Nxf5 26. Re4 h5 27. g4 Nh6 28. Qe2
Rf4 29. Rxf4 exf4 30. f3 Re8 31. Qf1 hxg4 32. fxg4 Nxg4 33. Qxf4 Nxh2+ 34. Kxh2
Qg2# 0-1

[Event "10. Forchheimer Sparkassen Open"]
[Site "Forchheim"]
[Date "2011.10.07"]
[Round "1.83"]
[White "Braun, Kristin"]
[Black "Grüninger, Maxim"]
[Result "1-0"]
[WhiteElo "1581"]
[BlackElo "867"]
[PlyCount "113"]
[EventDate "2011.??.??"]

1. e4 {[%emt 0:00:00]} e5 2. Nf3 Nc6 3. Nc3 Nf6 4. d4 Bd6 5. Bg5 h6 6. Bh4 O-O
7. dxe5 Nxe5 8. Bd3 Neg4 9. h3 Ne5 10. Nd5 Be7 11. Nxe5 Nxd5 12. Bxe7 Qxe7 13.
Nf3 Nb4 14. O-O d6 15. a3 Nc6 16. Re1 Qf6 17. Rb1 Ne5 18. Nxe5 dxe5 19. Qh5 Be6
20. Re3 Rfd8 21. Rf3 Qe7 22. Rg3 Qf6 23. Re1 c5 24. Ree3 c4 25. Be2 Rd2 26. Rc3
b5 27. Kf1 Rad8 28. Ke1 Qf4 29. Qf3 R8d4 30. Qxf4 exf4 31. Rgf3 a5 32. b4 axb4
33. axb4 Rd8 34. Rxf4 R2d4 35. Bg4 Bd5 36. Re3 Bc6 37. c3 Re8 38. cxd4 Rd8 39.
d5 Bb7 40. Bh5 Rd7 41. Ref3 f6 42. Be8 Rc7 43. Bxb5 c3 44. Kd1 c2+ 45. Kc1 Bxd5
46. exd5 Rb7 47. Bc6 Re7 48. Kxc2 Re2+ 49. Kd3 Re7 50. d6 Re6 51. d7 Rd6+ 52.
Rd4 Rxc6 53. d8=Q+ Kh7 54. Qd7 Rb6 55. Rg3 Rb7 56. Qxb7 Kg8 57. Qxg7# 1-0